• 首页
  • 本馆介绍
  • 公告通知
  • 最新文献
  • 馆藏检索
  • 电子资源
  • 读者导购
  • 参考咨询
  • 我的图书馆
  • 登录
  • 详细信息显示
  • 放入我的书架
  • 预约/预借图书
  • 作者相关作品
  • 分类相关作品
  • 丛书相关作品
  • 出版社相关作品

书目信息

  • 表格格式
  • 工作单格式
  • 卡片格式
题名:
家庭、商业局域网组网上网一本通
    
 
作者: 旗讯中文 编著
分册:  
出版信息: 北京   中国铁道出版社  2008.03
页数: 263页
开本: 26cm
丛书名: 电脑图解易学易用系列
单 册:
中图分类: TP393.1
科图分类:
主题词: 计算机应用
电子资源:
ISBN: 978-7-113-08702-9
000 00710nam0 2200217 450
001 0957440505
005 20091221094018.09
010    @a978-7-113-08702-9@dCNY34.00
100    @a20091217d2008 km y0chiy0120 ea
101 0  @achi
102    @aCN@b110000
200 1  @a家庭、商业局域网组网上网一本通@Ajia ting、shang ye ju yu wang zu wang shang wang yi ben tong@f旗讯中文编著@Fqi xun zhong wen bian zhu
210    @a北京@c中国铁道出版社@d2008.03
215    @a263页@d26cm@e光盘1张
225 2  @a电脑图解易学易用系列
410  0 @12001 @a电脑图解易学易用系列
606 0  @a计算机应用
690    @aTP393.1@v4
701  0 @a旗讯中文@Aqi xun zhong wen@4编著
801  0 @aCN@bNISOFT@c20091221
905    @aBZT@dTP393.1@e10
    
    家庭、商业局域网组网上网一本通/旗讯中文编著.-北京:中国铁道出版社,2008.03
    263页;26cm+光盘1张.-(电脑图解易学易用系列)
    
    
    ISBN 978-7-113-08702-9:CNY34.00
    
●
相关链接 在五车中查询图书 在当当中查询图书 在豆瓣中查询图书


正题名:家庭、商业局域网组网上网一本通     索取号:TP393.1/10         预约/预借

序号 登录号 条形码 馆藏地/架位号 状态 备注
1 728792   2000728792   样本书库/样008架A面4层1列/ [索取号:TP393.1/10] 在馆    
2 728793   2000728793   中心书库中库/ 中库026架A面2列1层36/ [索取号:TP393.1/10] 在馆    
3 728794   2000728794   中心书库中库/ 中库026架A面2列1层35/ [索取号:TP393.1/10] 在馆    
4 728795   2000728795   中心书库中库/ 中库026架A面2列1层37/ [索取号:TP393.1/10] 在馆    
5 728796   2000728796   中心书库中库/ 中库026架A面2列1层34/ [索取号:TP393.1/10] 在馆    
山东省滨州职业学院图书馆 欢迎您!
大连网信软件有限公司© 版权所有